| 000 | 00469nam a2200169Ia 4500 | ||
|---|---|---|---|
| 008 | 190423s9999 xx 000 0 und d | ||
| 100 | _aLeslie, Robert Franklin | ||
| 245 | 4 | _aThe Bear that came to supper/ | |
| 245 | _cRobert Franklin Leslie | ||
| 260 | _bReader's Digest Asia | ||
| 260 | _c2019 | ||
| 300 | _aPages 79-84, January 2019 | ||
| 440 |
_aAsia Reader's Digest: Classic Reads _v115:671 |
||
| 650 | _aBear | ||
| 650 | _aMammal | ||
| 650 | _aRelationship | ||
| 999 |
_c361492 _d361492 |
||